[Event "CCM6 - 13. ORDIX Open"]
[Site "Mainz"]
[Date "2006.??.??"]
[Round "6"]
[White "Kritz, Leonid"]
[Black "Kunin, Vitaly"]
[Result "1-0"]
[WhiteElo "2578"]
[BlackElo "2510"]
[PlyCount "69"]
[EventDate "2006.??.??"]
[EventType "rapid"]
[EventRounds "11"]
[EventCountry "GER"]
[Source "Mike Rosa"]
[SourceDate "2009.01.01"]

1. Nf3 d5 2. e3 Nf6 3. b3 e6 4. Bb2 Be7 5. d4 O-O 6. Bd3 Nbd7 7. Nbd2 a5 8. Ne5
a4 9. Rb1 Nxe5 10. dxe5 Nd7 11. Qh5 g6 12. Qh6 Nc5 13. h4 axb3 14. axb3 Nxd3+
15. cxd3 Re8 16. Nf3 Bf8 17. Qf4 Qe7 18. Bc3 Ra2 19. b4 b6 20. h5 Ba6 21. b5
Bxb5 22. Rxb5 Qa3 23. O-O Qxc3 24. Ng5 Re7 25. Rd1 Ra1 26. Rxa1 Qxa1+ 27. Kh2
Qd1 28. hxg6 Qh5+ 29. Kg1 hxg6 30. Nf3 Bh6 31. Qa4 Bf8 32. Rb4 Qf5 33. Qa8 Kg7
34. Rh4 Rd7 35. Qc8 1-0

[Event "CCM6 - 13. ORDIX Open"]
[Site "Mainz"]
[Date "2006.??.??"]
[Round "6"]
[White "Leitao, Rafael"]
[Black "Alber, Horst"]
[Result "1-0"]
[WhiteElo "2592"]
[BlackElo "2394"]
[PlyCount "56"]
[EventDate "2006.??.??"]
[EventType "rapid"]
[EventRounds "11"]
[EventCountry "GER"]
[Source "Mike Rosa"]
[SourceDate "2009.01.01"]

1. d4 Nf6 2. c4 g6 3. Nc3 Bg7 4. e4 d6 5. Nf3 O-O 6. Be2 e5 7. O-O Nc6 8. d5
Ne7 9. b4 a5 10. bxa5 c5 11. a4 Rxa5 12. Ra3 Ne8 13. Nb5 Ra6 14. Bd2 Kh8 15.
Ne1 f5 16. exf5 Nxf5 17. Bd3 Kg8 18. Nf3 Bf6 19. Qc1 Neg7 20. Ng5 Nh5 21. Ne6
Bxe6 22. dxe6 Nhg7 23. Be4 Qe7 24. Qb1 Nxe6 25. Bxf5 gxf5 26. Qxf5 Bg7 27. Qe4
Nf4 28. Nc3 Qf7 1-0

[Event "CCM6 - 13. ORDIX Open"]
[Site "Mainz"]
[Date "2006.??.??"]
[Round "6"]
[White "Ruck, Robert"]
[Black "Volokitin, Andrei"]
[Result "1/2-1/2"]
[WhiteElo "2537"]
[BlackElo "2677"]
[PlyCount "74"]
[EventDate "2006.??.??"]
[EventType "rapid"]
[EventRounds "11"]
[EventCountry "GER"]
[Source "Mike Rosa"]
[SourceDate "2009.01.01"]

1. Nf3 c5 2. c4 Nc6 3. Nc3 e5 4. e3 Nf6 5. Be2 d5 6. d4 exd4 7. exd4 Be6 8. Be3
dxc4 9. O-O cxd4 10. Nxd4 Nxd4 11. Bxd4 Bd6 12. Bf3 O-O 13. Bxb7 Bxh2+ 14. Kxh2
Ng4+ 15. Kg1 Qh4 16. Re1 Rab8 17. f3 Qh2+ 18. Kf1 Rxb7 19. fxg4 Rxb2 20. Qf3 h5
21. Bg1 hxg4 22. Qe4 Qh4 23. Qf4 Qh5 24. Re5 Qg6 25. Ne4 c3 26. Bd4 Bc4+ 27.
Kg1 Rc2 28. Rg5 Bd5 29. Nf6+ gxf6 30. Qxf6 Rxg2+ 31. Kf1 Rh2 32. Kg1 Rh1+ 33.
Kf2 Rh2+ 34. Kg1 Rh1+ 35. Kf2 Rh2+ 36. Kg1 Rh1+ 37. Kf2 Rh2+ 1/2-1/2

[Event "CCM6 - 13. ORDIX Open"]
[Site "Mainz"]
[Date "2006.??.??"]
[Round "6"]
[White "Sargissian, Gabriel"]
[Black "Gyimesi, Zoltan"]
[Result "1/2-1/2"]
[WhiteElo "2680"]
[BlackElo "2614"]
[PlyCount "68"]
[EventDate "2006.??.??"]
[EventType "rapid"]
[EventRounds "11"]
[EventCountry "GER"]
[Source "Mike Rosa"]
[SourceDate "2009.01.01"]

1. d4 Nf6 2. c4 e6 3. Nf3 d5 4. g3 Bb4+ 5. Bd2 Be7 6. Bg2 O-O 7. O-O c6 8. Bf4
b6 9. Nc3 Bb7 10. Ne5 Nbd7 11. e4 Nxe5 12. dxe5 Nxe4 13. Nxe4 dxe4 14. Bxe4 Qc7
15. Qh5 g6 16. Qf3 Rab8 17. Rfd1 c5 18. Rd3 Bxe4 19. Qxe4 Rfd8 20. Rad1 Kg7 21.
h4 Rxd3 22. Rxd3 Rd8 23. Rxd8 Bxd8 24. Kg2 Qd7 25. b3 h6 26. Qa8 g5 27. hxg5
hxg5 28. Be3 Qd3 29. Qb7 g4 30. a4 a5 31. Qc6 Be7 32. Qb7 Bd8 33. Qc6 Be7 34.
Qb7 Bd8 1/2-1/2

[Event "CCM6 - 13. ORDIX Open"]
[Site "Mainz"]
[Date "2006.??.??"]
[Round "7"]
[White "Golod, Vitali"]
[Black "Kasimdzhanov, Rustam"]
[Result "0-1"]
[WhiteElo "2571"]
[BlackElo "2673"]
[PlyCount "100"]
[EventDate "2006.??.??"]
[EventType "rapid"]
[EventRounds "11"]
[EventCountry "GER"]
[Source "Mike Rosa"]
[SourceDate "2009.01.01"]

1. d4 Nf6 2. c4 e6 3. Nc3 Bb4 4. Qc2 O-O 5. a3 Bxc3+ 6. Qxc3 b6 7. Bg5 Bb7 8.
f3 h6 9. Bh4 d5 10. e3 Nbd7 11. cxd5 Nxd5 12. Bxd8 Nxc3 13. Bh4 Nd5 14. Bf2 c5
15. Ne2 f5 16. O-O-O Rac8 17. dxc5 Nxc5 18. Kb1 Rfd8 19. Rg1 e5 20. Nc1 Nc3+
21. bxc3 Rxd1 22. Bc4+ Bd5 23. Rxd1 Bxc4 24. Bg3 Re8 25. h4 g5 26. hxg5 hxg5
27. Kc2 Kf7 28. Rd6 Bf1 29. Rd2 e4 30. f4 Bd3+ 31. Kb2 g4 32. Bh4 Rc8 33. Na2
a5 34. g3 Na4+ 35. Ka1 b5 36. Rh2 Bc4 37. Rd2 Ke6 38. Bd8 Bxa2 39. Kxa2 Nxc3+
40. Kb3 a4+ 41. Kb2 Nd5 42. Bg5 Nxe3 43. Rh2 Nc4+ 44. Kc3 Nxa3+ 45. Kb4 Nc2+
46. Kxb5 a3 47. Rh6+ Kd5 48. Be7 Rb8+ 49. Ka4 a2 50. Rd6+ Kc4 0-1

[Event "CCM6 - 13. ORDIX Open"]
[Site "Mainz"]
[Date "2006.??.??"]
[Round "7"]
[White "Gyimesi, Zoltan"]
[Black "Dizdar, Goran"]
[Result "1-0"]
[WhiteElo "2614"]
[BlackElo "2541"]
[PlyCount "107"]
[EventDate "2006.??.??"]
[EventType "rapid"]
[EventRounds "11"]
[EventCountry "GER"]
[Source "Mike Rosa"]
[SourceDate "2009.01.01"]

1. d4 Nf6 2. c4 e6 3. Nf3 Bb4+ 4. Bd2 c5 5. Bxb4 cxb4 6. g3 O-O 7. Bg2 d6 8.
O-O Nc6 9. a3 Re8 10. axb4 Nxb4 11. Qb3 a5 12. Nc3 b6 13. Ne5 Rb8 14. Nc6 Nxc6
15. Bxc6 Bd7 16. Bg2 e5 17. dxe5 dxe5 18. Rfd1 Qc7 19. Nd5 Nxd5 20. Bxd5 e4 21.
Rd4 Bc6 22. Rad1 Re7 23. Bxc6 Qxc6 24. Rd8+ Re8 25. R8d6 Qc8 26. Rxb6 Rxb6 27.
Qxb6 e3 28. fxe3 Qxc4 29. Rd8 Qe4 30. Rxe8+ Qxe8 31. Qxa5 Qxe3+ 32. Kf1 g6 33.
Qa8+ Kg7 34. Qc6 Kh6 35. Qc4 Qa7 36. b4 Qb7 37. Kf2 f5 38. b5 Qa7+ 39. Kg2 Qa8+
40. Qc6 Qa2 41. Kf2 Qb2 42. Qc5 Qb1 43. b6 Qh1 44. Qe3+ g5 45. Qf3 Qxh2+ 46.
Qg2 Qh5 47. b7 Qe8 48. Qd5 Qb8 49. Qe6+ Kh5 50. Qc8 Qa7+ 51. Kg2 Qe3 52. Kf1
Qxg3 53. b8=Q Qh3+ 54. Kf2 1-0

[Event "CCM6 - 13. ORDIX Open"]
[Site "Mainz"]
[Date "2006.??.??"]
[Round "7"]
[White "Leitao, Rafael"]
[Black "Grischuk, Alexander"]
[Result "1/2-1/2"]
[WhiteElo "2598"]
[BlackElo "2719"]
[PlyCount "98"]
[EventDate "2006.??.??"]
[EventType "rapid"]
[EventRounds "11"]
[EventCountry "GER"]
[Source "Mike Rosa"]
[SourceDate "2009.01.01"]

1. d4 Nf6 2. c4 e6 3. Nf3 b6 4. g3 Ba6 5. b3 Bb4+ 6. Bd2 Be7 7. Bg2 d5 8. cxd5
exd5 9. Nc3 O-O 10. O-O Bb7 11. Rc1 Na6 12. Bg5 Re8 13. e3 h6 14. Bxf6 Bxf6 15.
Ne1 c6 16. Nd3 Nc7 17. Qd2 Qd6 18. Rfd1 Rad8 19. f4 c5 20. Ne5 cxd4 21. exd4 a6
22. Re1 Ne6 23. Nd1 g6 24. Ne3 Bg7 25. Rc2 a5 26. h4 Qb4 27. Rd1 Qxd2 28. Rdxd2
Bf8 29. Kf2 Kg7 30. Rd1 h5 31. Bh3 Rd6 32. Nf3 Nd8 33. Rc7 Re7 34. Rdc1 Nc6 35.
Rxe7 Bxe7 36. Ne5 Bd8 37. Rd1 b5 38. Bg2 Ne7 39. Nd3 Bb6 40. Nc5 Bc8 41. a3 Be6
42. Rc1 Rd8 43. Bf1 b4 44. Bb5 Ra8 45. Ba4 Rc8 46. Nxe6+ fxe6 47. Rxc8 Nxc8 48.
Bd7 Nd6 49. Kg2 bxa3 1/2-1/2

[Event "CCM6 - 13. ORDIX Open"]
[Site "Mainz"]
[Date "2006.??.??"]
[Round "7"]
[White "Mchedlishvili, Mikhail"]
[Black "Sargissian, Gabriel"]
[Result "1/2-1/2"]
[WhiteElo "2572"]
[BlackElo "2680"]
[PlyCount "119"]
[EventDate "2006.??.??"]
[EventType "rapid"]
[EventRounds "11"]
[EventCountry "GER"]
[Source "Mike Rosa"]
[SourceDate "2009.01.01"]

1. d4 Nf6 2. c4 e6 3. Nf3 b6 4. Bg5 Bb7 5. Nc3 Bb4 6. Nd2 h6 7. Bh4 c5 8. d5
Bxc3 9. bxc3 d6 10. e4 e5 11. Bd3 Nbd7 12. Qa4 O-O 13. f3 Re8 14. Nf1 Nf8 15.
Ne3 Ng6 16. Bf2 Bc8 17. g3 Bh3 18. Qc2 Nh7 19. Bf1 Ng5 20. Bxh3 Nxh3 21. Kf1
Qd7 22. Kg2 Nxf2 23. Qxf2 Ne7 24. a4 f5 25. exf5 Nxf5 26. Rhe1 Rf8 27. Nf1 Qf7
28. Nd2 Qg6 29. Kh1 h5 30. Ne4 Rf7 31. Qd2 h4 32. Qg5 Qxg5 33. Nxg5 hxg3 34.
Nxf7 Kxf7 35. hxg3 Nxg3+ 36. Kg2 Nh5 37. Rh1 Nf4+ 38. Kf2 Re8 39. Ke3 Rb8 40.
Rh2 Ng6 41. Rg1 Nf4 42. Rgh1 Ng6 43. Rb1 Nf4 44. Ke4 Kf6 45. a5 Kf7 46. Rhb2
Rh8 47. axb6 axb6 48. Rxb6 Rh2 49. R1b2 Rh1 50. Rb1 Rh2 51. R6b2 Rh4 52. Ke3
Kf6 53. Rb6 Kf5 54. Rb8 Rh2 55. Rf8+ Kg6 56. Rxf4 exf4+ 57. Ke4 Kg5 58. Rg1+
Kf6 59. Kxf4 Re2 60. Rg4 1/2-1/2

[Event "CCM6 - 13. ORDIX Open"]
[Site "Mainz"]
[Date "2006.??.??"]
[Round "7"]
[White "Morozevich, Alexander"]
[Black "Mamedyarov, Shakhriyar"]
[Result "1-0"]
[WhiteElo "2730"]
[BlackElo "2722"]
[PlyCount "104"]
[EventDate "2006.??.??"]
[EventType "rapid"]
[EventRounds "11"]
[EventCountry "GER"]
[Source "Mike Rosa"]
[SourceDate "2009.01.01"]

1. e4 e5 2. Nf3 Nc6 3. Bb5 a6 4. Ba4 Nf6 5. O-O Be7 6. Re1 b5 7. Bb3 d6 8. c3
O-O 9. h3 Na5 10. Bc2 c5 11. d4 Nd7 12. dxc5 dxc5 13. Nbd2 Re8 14. b3 Bb7 15.
Bb2 Nc6 16. Nf1 b4 17. cxb4 cxb4 18. Ne3 Bc5 19. Rc1 Nf8 20. Bd3 Ba7 21. Bc4
Nd4 22. Nxd4 exd4 23. Qh5 Ng6 24. Nd5 Re5 25. Qf3 Nh4 26. Qf4 Bb8 27. Ne3 Kh8
28. Ng4 Re7 29. Qg5 Ng6 30. Rcd1 Bf4 31. Qc5 Rc8 32. Rxd4 Qe8 33. Qf5 Bb8 34.
Nf6 Qf8 35. Nd7 Qe8 36. Nxb8 Rxb8 37. f3 Bc8 38. Qg5 h6 39. Qg3 Be6 40. f4 Bxc4
41. Rxc4 f6 42. h4 Rd8 43. Rxb4 Rd2 44. Bc3 Rxa2 45. h5 Nf8 46. f5 Qc6 47. Rc4
Qb7 48. Bd4 Rf7 49. e5 fxe5 50. Rxe5 Ra5 51. Re8 Qd5 52. Rc7 Qd8 1-0

[Event "CCM6 - 13. ORDIX Open"]
[Site "Mainz"]
[Date "2006.??.??"]
[Round "7"]
[White "Naiditsch, Arkadij"]
[Black "Ruck, Robert"]
[Result "1/2-1/2"]
[WhiteElo "2669"]
[BlackElo "2537"]
[PlyCount "86"]
[EventDate "2006.??.??"]
[EventType "rapid"]
[EventRounds "11"]
[EventCountry "GER"]
[Source "Mike Rosa"]
[SourceDate "2009.01.01"]

1. e4 c6 2. d4 d5 3. e5 Bf5 4. Nc3 e6 5. g4 Bg6 6. Nge2 c5 7. h4 h5 8. Nf4 Bh7
9. Nxh5 Nc6 10. Bb5 cxd4 11. Qxd4 Nge7 12. Bf4 a6 13. Bxc6+ Nxc6 14. Qd2 Rc8
15. a3 d4 16. Ne2 Qd5 17. Rh3 Bg6 18. c4 Qg2 19. Rg3 Qh1+ 20. Ng1 Bxh5 21. gxh5
Rxh5 22. O-O-O Qe4 23. Rd3 b5 24. c5 Nxe5 25. Bxe5 Rxe5 26. b4 Bxc5 27. Rc3 Rd5
28. Rxc5 Rcxc5+ 29. bxc5 Rxc5+ 30. Kb2 e5 31. Re1 Qd5 32. Ne2 Kf8 33. f4 Rc4
34. fxe5 b4 35. Nf4 Qf3 36. axb4 Qc3+ 37. Qxc3 dxc3+ 38. Kc2 Rxf4 39. Kxc3 Rxh4
40. e6 fxe6 41. Ra1 Ke7 42. Rxa6 Kd7 43. Ra7+ Kc6 1/2-1/2

[Event "CCM6 - 13. ORDIX Open"]
[Site "Mainz"]
[Date "2006.??.??"]
[Round "8"]
[White "Almasi, Zoltan"]
[Black "Mchedlishvili, Mikhail"]
[Result "0-1"]
[WhiteElo "2657"]
[BlackElo "2572"]
[PlyCount "77"]
[EventDate "2006.??.??"]
[EventType "rapid"]
[EventRounds "11"]
[EventCountry "GER"]
[Source "Mike Rosa"]
[SourceDate "2009.01.01"]

1. e4 c5 2. Nf3 d6 3. d4 cxd4 4. Nxd4 Nf6 5. Nc3 Nc6 6. Bg5 Bd7 7. Qd2 Rc8 8.
Nb3 h6 9. Bxf6 gxf6 10. Bd3 h5 11. O-O-O a6 12. Kb1 b5 13. f4 e6 14. Rhf1 Qb6
15. Qf2 Qxf2 16. Rxf2 h4 17. a4 Nb4 18. axb5 Nxd3 19. Rxd3 axb5 20. Nd4 Rb8 21.
Rh3 Be7 22. Nf3 b4 23. Nd1 Bc6 24. Re2 d5 25. exd5 Bxd5 26. Ne3 Be4 27. Nd2 Bc6
28. f5 Bc5 29. Nf3 b3 30. fxe6 fxe6 31. Nd2 bxc2+ 32. Nxc2 Kf7 33. Rc3 Bb5 34.
Re4 Bd6 35. Nd4 Bd7 36. N4f3 h3 37. Rd4 Ke7 38. Rcd3 Bb5 39. Rxd6 0-1

[Event "CCM6 - 13. ORDIX Open"]
[Site "Mainz"]
[Date "2006.??.??"]
[Round "8"]
[White "Ginsburg, Gennadij"]
[Black "Leitao, Rafael"]
[Result "1-0"]
[WhiteElo "2503"]
[BlackElo "2598"]
[PlyCount "83"]
[EventDate "2006.??.??"]
[EventType "rapid"]
[EventRounds "11"]
[EventCountry "GER"]
[Source "Mike Rosa"]
[SourceDate "2009.01.01"]

1. e4 c5 2. Nf3 Nc6 3. d4 cxd4 4. Nxd4 e6 5. Nb5 d6 6. c4 Nf6 7. N1c3 a6 8. Na3
Be7 9. Be2 b6 10. O-O Bb7 11. Be3 Nb8 12. f3 Nbd7 13. Qd2 O-O 14. Rfd1 Qc7 15.
Rac1 Rfe8 16. Kh1 Rac8 17. Bf1 Qb8 18. Bg1 Kh8 19. Nc2 Rg8 20. Nd4 g5 21. Re1
Rg6 22. b4 Rcg8 23. b5 Qc8 24. bxa6 Bxa6 25. Ndb5 Qb8 26. Rcd1 Ne8 27. Nd4 Ne5
28. Ncb5 Bb7 29. Rb1 Qa8 30. Nc3 Nd7 31. Nf5 Bf8 32. Bd4+ Ne5 33. Ne3 Nf6 34.
Rxb6 Nfd7 35. Rb2 Be7 36. Ng4 f6 37. Reb1 Bc6 38. Nxe5 fxe5 39. Be3 g4 40. f4
Nf6 41. f5 exf5 42. exf5 1-0

[Event "CCM6 - 13. ORDIX Open"]
[Site "Mainz"]
[Date "2006.??.??"]
[Round "8"]
[White "Halkias, Stelios"]
[Black "Aleksandrov, Alexcey"]
[Result "0-1"]
[WhiteElo "2551"]
[BlackElo "2634"]
[PlyCount "58"]
[EventDate "2006.??.??"]
[EventType "rapid"]
[EventRounds "11"]
[EventCountry "GER"]
[Source "Mike Rosa"]
[SourceDate "2009.01.01"]

1. d4 Nf6 2. c4 e6 3. Nf3 d5 4. Nc3 Bb4 5. Bg5 Nbd7 6. cxd5 exd5 7. Qc2 c5 8.
dxc5 h6 9. Bd2 Bxc5 10. e3 O-O 11. Bd3 a6 12. O-O b5 13. Rac1 Bb7 14. Rfd1 Re8
15. Be1 Qb6 16. Bf5 Rad8 17. Nd4 Bd6 18. Qe2 Ne5 19. h3 Bb8 20. Bb1 g6 21. a4
b4 22. Na2 b3 23. Nc3 Nc4 24. Nf3 Nh5 25. a5 Qf6 26. Nd4 Nxa5 27. Bd3 Ba7 28.
Qg4 Bc8 29. Nxd5 Qxd4 0-1

[Event "CCM6 - 13. ORDIX Open"]
[Site "Mainz"]
[Date "2006.??.??"]
[Round "8"]
[White "Harikrishna, Pentala"]
[Black "Morozevich, Alexander"]
[Result "1/2-1/2"]
[WhiteElo "2682"]
[BlackElo "2730"]
[PlyCount "59"]
[EventDate "2006.??.??"]
[EventType "rapid"]
[EventRounds "11"]
[EventCountry "GER"]
[Source "Mike Rosa"]
[SourceDate "2009.01.01"]

1. e4 c5 2. Nf3 e6 3. d4 cxd4 4. Nxd4 Nc6 5. Be2 d6 6. Nc3 Nf6 7. O-O Be7 8.
Be3 O-O 9. f4 Bd7 10. Kh1 Nxd4 11. Qxd4 Bc6 12. Bf3 Qc7 13. Rad1 Rfd8 14. a4 d5
15. exd5 Nxd5 16. Bxd5 Bxd5 17. Nxd5 Rxd5 18. Qe4 Bf6 19. Rxd5 exd5 20. Qxd5
Bxb2 21. h3 h6 22. Rb1 Qxc2 23. Qa2 Qe4 24. Qxb2 Qxe3 25. Qxb7 Rd8 26. Qc7 Qe8
27. Qxa7 Ra8 28. Qc7 Qxa4 29. Rb8+ Rxb8 30. Qxb8+ 1/2-1/2

[Event "CCM6 - 13. ORDIX Open"]
[Site "Mainz"]
[Date "2006.??.??"]
[Round "8"]
[White "Sargissian, Gabriel"]
[Black "David, Alberto"]
[Result "1-0"]
[WhiteElo "2680"]
[BlackElo "2580"]
[PlyCount "111"]
[EventDate "2006.??.??"]
[EventType "rapid"]
[EventRounds "11"]
[EventCountry "GER"]
[Source "Mike Rosa"]
[SourceDate "2009.01.01"]

1. d4 Nf6 2. c4 e6 3. Nc3 Bb4 4. Nf3 b6 5. Bg5 Bb7 6. Nd2 h6 7. Bh4 Bxc3 8.
bxc3 d6 9. f3 Nbd7 10. e4 e5 11. Qa4 O-O 12. Bd3 Re8 13. O-O Nf8 14. Rfe1 c5
15. d5 Ng6 16. Bf2 Rf8 17. Nf1 Nh5 18. g3 Bc8 19. Ne3 Ne7 20. Qc2 Bh3 21. a4 a5
22. Nf5 Qd7 23. Be3 Bxf5 24. exf5 Rfe8 25. g4 Nf4 26. Bxf4 exf4 27. Qd2 Kf8 28.
Qxf4 Ng8 29. h4 Rad8 30. Bc2 Re7 31. g5 hxg5 32. hxg5 Re5 33. Rxe5 dxe5 34.
Qxe5 f6 35. Qg3 fxg5 36. Re1 Qd6 37. Qxg5 Qf6 38. Qxf6+ Nxf6 39. Re6 Re8 40.
Rxb6 Re2 41. Be4 Nxe4 42. fxe4 Rxe4 43. Re6 Rg4+ 44. Kf2 Rf4+ 45. Ke2 Rxf5 46.
Rc6 g5 47. Rxc5 g4 48. Rc8+ Kf7 49. d6 Ke6 50. c5 g3 51. Re8+ Kd7 52. Re7+ Kc6
53. Rc7+ Kd5 54. d7 Rf2+ 55. Ke3 Rf8 56. Rc8 1-0

[Event "CCM6 - 13. ORDIX Open"]
[Site "Mainz"]
[Date "2006.??.??"]
[Round "9"]
[White "Erdos, Viktor"]
[Black "Balogh, Csaba"]
[Result "1/2-1/2"]
[WhiteElo "2528"]
[BlackElo "2609"]
[PlyCount "75"]
[EventDate "2006.??.??"]
[EventType "rapid"]
[EventRounds "11"]
[EventCountry "GER"]
[Source "Mike Rosa"]
[SourceDate "2009.01.01"]

1. d4 Nf6 2. c4 e6 3. Nf3 b6 4. Nc3 Bb4 5. Qc2 c5 6. a3 Ba5 7. Bd2 Bb7 8. e3
O-O 9. Be2 d6 10. O-O Nbd7 11. b4 cxb4 12. Nb5 b3 13. Qb2 Bxd2 14. Nxd2 Qe7 15.
Qxb3 Rfd8 16. a4 Ne4 17. Nxe4 Bxe4 18. a5 d5 19. Nc3 dxc4 20. Bxc4 Bc6 21. Bb5
Bxb5 22. Nxb5 bxa5 23. Rxa5 Nf6 24. Qa3 Qb7 25. h3 Rd5 26. Nc3 Rxa5 27. Qxa5 h6
28. Na4 Ne4 29. Nc5 Nxc5 30. dxc5 Rc8 31. Rc1 Kh7 32. Qa4 Qb2 33. Qc4 a5 34.
Qc2+ Qxc2 35. Rxc2 Kg6 36. c6 a4 37. Ra2 Rxc6 38. Rxa4 1/2-1/2

[Event "CCM6 - 13. ORDIX Open"]
[Site "Mainz"]
[Date "2006.??.??"]
[Round "9"]
[White "Grischuk, Alexander"]
[Black "Ginsburg, Gennadij"]
[Result "1-0"]
[WhiteElo "2719"]
[BlackElo "2503"]
[PlyCount "99"]
[EventDate "2006.??.??"]
[EventType "rapid"]
[EventRounds "11"]
[EventCountry "GER"]
[Source "Mike Rosa"]
[SourceDate "2009.01.01"]

1. e4 e5 2. Nf3 Nc6 3. Bb5 a6 4. Ba4 Nf6 5. O-O Be7 6. Re1 b5 7. Bb3 d6 8. c3
O-O 9. h3 Nd7 10. d4 Bf6 11. a4 Bb7 12. Na3 Nb6 13. d5 Ne7 14. axb5 axb5 15.
Be3 Qd7 16. Qe2 Ba6 17. Nc2 g6 18. Ra5 Nc4 19. Bxc4 bxc4 20. Rea1 Bb7 21. Rxa8
Rxa8 22. Rxa8+ Bxa8 23. Qxc4 Bg7 24. Qa6 Qc8 25. Qxc8+ Nxc8 26. c4 f5 27. Ng5
fxe4 28. Nb4 Ne7 29. Nxe4 Bb7 30. Ba7 c6 31. Nxd6 Ba8 32. dxc6 Nxc6 33. Nxc6
Bxc6 34. Be3 Bf8 35. Nb5 Kf7 36. f3 Ke6 37. b3 h5 38. Nc3 Bb4 39. Ne4 Ba3 40.
Kf2 Bb4 41. Ke2 Kf5 42. Bc5 Ba5 43. b4 Bd8 44. Kd3 g5 45. b5 Ba8 46. g4+ hxg4
47. hxg4+ Kf4 48. Ke2 Bxe4 49. Be3+ Kg3 50. fxe4 1-0

[Event "CCM6 - 13. ORDIX Open"]
[Site "Mainz"]
[Date "2006.??.??"]
[Round "9"]
[White "Gyimesi, Zoltan"]
[Black "Doettling, Fabian"]
[Result "1/2-1/2"]
[WhiteElo "2614"]
[BlackElo "2550"]
[PlyCount "62"]
[EventDate "2006.??.??"]
[EventType "rapid"]
[EventRounds "11"]
[EventCountry "GER"]
[Source "Mike Rosa"]
[SourceDate "2009.01.01"]

1. d4 d5 2. c4 e6 3. Nc3 Be7 4. Nf3 Nf6 5. Bf4 O-O 6. e3 Nbd7 7. a3 c5 8. dxc5
Nxc5 9. cxd5 Nxd5 10. Nxd5 Qxd5 11. Qxd5 exd5 12. Be5 Bf5 13. Nd4 Bg6 14. f3
Rac8 15. Kd2 Nd7 16. Bf4 Bf6 17. Rc1 Rxc1 18. Kxc1 Rc8+ 19. Kd1 Nb6 20. h4 Na4
21. b3 Nb2+ 22. Kd2 Bxd4 23. exd4 Rc2+ 24. Ke1 Nd3+ 25. Bxd3 Bxd3 26. g4 Rb2
27. Bc1 Re2+ 28. Kd1 Rg2 29. Ke1 Re2+ 30. Kd1 Rg2 31. Ke1 Re2+ 1/2-1/2

[Event "CCM6 - 13. ORDIX Open"]
[Site "Mainz"]
[Date "2006.??.??"]
[Round "9"]
[White "Mchedlishvili, Mikhail"]
[Black "Mamedyarov, Shakhriyar"]
[Result "0-1"]
[WhiteElo "2572"]
[BlackElo "2722"]
[PlyCount "50"]
[EventDate "2006.??.??"]
[EventType "rapid"]
[EventRounds "11"]
[EventCountry "GER"]
[Source "Mike Rosa"]
[SourceDate "2009.01.01"]

1. e4 c5 2. Nf3 d6 3. d4 cxd4 4. Nxd4 Nf6 5. Nc3 a6 6. Be2 e5 7. Nb3 Be6 8. O-O
Be7 9. a4 Nbd7 10. Be3 O-O 11. Qd2 Qc7 12. Rfd1 Rac8 13. a5 Rfd8 14. Bf3 h6 15.
Nc1 b6 16. axb6 Nxb6 17. N1e2 Nc4 18. Qc1 g5 19. g3 Ng4 20. Rxa6 Ngxe3 21. fxe3
Qb7 22. Ra1 g4 23. Bg2 Bg5 24. Rd3 Nxb2 25. Qb1 Rb8 0-1

[Event "CCM6 - 13. ORDIX Open"]
[Site "Mainz"]
[Date "2006.??.??"]
[Round "9"]
[White "Morozevich, Alexander"]
[Black "Sargissian, Gabriel"]
[Result "1-0"]
[WhiteElo "2730"]
[BlackElo "2680"]
[PlyCount "97"]
[EventDate "2006.??.??"]
[EventType "rapid"]
[EventRounds "11"]
[EventCountry "GER"]
[Source "Mike Rosa"]
[SourceDate "2009.01.01"]

1. e4 e5 2. Nf3 Nc6 3. Bc4 Bc5 4. c3 Nf6 5. d3 a6 6. Bb3 d6 7. h3 Ba7 8. Nbd2
O-O 9. Nf1 d5 10. Qe2 Be6 11. Ng3 dxe4 12. dxe4 Bxb3 13. axb3 Qd6 14. O-O Rad8
15. Bg5 Qe6 16. Rad1 Ne7 17. Qc4 Nc6 18. Bxf6 Qxf6 19. Rd5 Rd6 20. Rfd1 Rfd8
21. Nf5 Rxd5 22. Rxd5 Rxd5 23. exd5 Qxf5 24. dxc6 e4 25. Nd4 Qf4 26. cxb7 e3
27. f3 Qg3 28. Qxa6 Bb8 29. Qc6 h5 30. Qe8+ Kh7 31. Qxe3 c5 32. Nc6 Bc7 33. Kf1
Qd6 34. Qe4+ g6 35. Ke2 Qg3 36. f4 Bxf4 37. Qf3 Qh2 38. Kd3 Kh6 39. Kc4 g5 40.
b8=Q Bxb8 41. Qf6+ Kh7 42. Qxf7+ Kh6 43. Qf8+ Kh7 44. Qxb8 Qxg2 45. Qc7+ Kh6
46. Qd6+ Kh7 47. Qe7+ Kh6 48. Qe6+ Kh7 49. Ne7 1-0

[Event "CCM6 - 13. ORDIX Open"]
[Site "Mainz"]
[Date "2006.??.??"]
[Round "9"]
[White "Naiditsch, Arkadij"]
[Black "Erenburg, Sergey"]
[Result "1/2-1/2"]
[WhiteElo "2669"]
[BlackElo "2560"]
[PlyCount "113"]
[EventDate "2006.??.??"]
[EventType "rapid"]
[EventRounds "11"]
[EventCountry "GER"]
[Source "Mike Rosa"]
[SourceDate "2009.01.01"]

1. e4 e5 2. Nf3 Nf6 3. Nxe5 d6 4. Nf3 Nxe4 5. Nc3 Nxc3 6. dxc3 Be7 7. Be3 Nc6
8. Qd2 Be6 9. O-O-O Qd7 10. Ng5 Bxg5 11. Bxg5 f6 12. Be3 a6 13. h3 O-O-O 14. b3
Rhe8 15. Be2 Bf5 16. Rhe1 Be4 17. Bf1 Ne7 18. Qd4 Nf5 19. Qa7 Qc6 20. f3 Nxe3
21. Rxe3 Bg6 22. Rde1 Rxe3 23. Rxe3 Qc5 24. Qxc5 dxc5 25. Bc4 Re8 26. Rxe8+
Bxe8 27. b4 cxb4 28. cxb4 Kd7 29. Kd2 Kd6 30. Ke3 c5 31. c3 Bc6 32. Kf4 Bd5 33.
Bd3 Bxa2 34. Bxh7 cxb4 35. cxb4 b6 36. Bc2 a5 37. bxa5 bxa5 38. g4 Bf7 39. h4
Be8 40. Ke3 a4 41. Kd4 a3 42. Kc3 Bf7 43. f4 Kc5 44. g5 a2 45. Kb2 Kd4 46. gxf6
gxf6 47. h5 Bxh5 48. Kxa2 Ke3 49. f5 Bf3 50. Kb2 Be4 51. Ba4 Bxf5 52. Kc3 Be6
53. Bc2 Bd5 54. Bf5 Bf3 55. Be6 Be4 56. Bd7 Bg6 57. Be6 1/2-1/2

[Event "CCM6 - 13. ORDIX Open"]
[Site "Mainz"]
[Date "2006.??.??"]
[Round "9"]
[White "Volokitin, Andrei"]
[Black "Kritz, Leonid"]
[Result "1/2-1/2"]
[WhiteElo "2677"]
[BlackElo "2578"]
[PlyCount "81"]
[EventDate "2006.??.??"]
[EventType "rapid"]
[EventRounds "11"]
[EventCountry "GER"]
[Source "Mike Rosa"]
[SourceDate "2009.01.01"]

1. e4 e5 2. Nf3 Nf6 3. Nxe5 d6 4. Nf3 Nxe4 5. Nc3 Nxc3 6. dxc3 Be7 7. Be3 Nc6
8. Qd5 Be6 9. Qb5 Qc8 10. O-O-O a6 11. Qa4 Bd7 12. Qf4 Nd8 13. Qg3 Ne6 14. Bd4
Bb5 15. c4 Bc6 16. Bc3 Qd8 17. c5 d5 18. Nd4 Bf6 19. Re1 Bd7 20. Nxe6 Bxe6 21.
Bxf6 Qxf6 22. Qxc7 O-O 23. f3 Rac8 24. Qe5 Qxe5 25. Rxe5 Rxc5 26. Bd3 g6 27. h4
Kg7 28. h5 Rfc8 29. g4 d4 30. Rhe1 gxh5 31. gxh5 Bxa2 32. h6+ Kxh6 33. Rh1+ Kg7
34. Rxh7+ Kf6 35. Re4 Bc4 36. Rf4+ Ke5 37. Re4+ Kf6 38. Rf4+ Ke5 39. Re4+ Kf6
40. Rf4+ Ke5 41. Re4+ 1/2-1/2

[Event "CCM6 - 13. ORDIX Open"]
[Site "Mainz"]
[Date "2006.??.??"]
[Round "10"]
[White "Balogh, Csaba"]
[Black "Ubilava, Elizbar"]
[Result "1-0"]
[WhiteElo "2609"]
[BlackElo "2521"]
[PlyCount "111"]
[EventDate "2006.??.??"]
[EventType "rapid"]
[EventRounds "11"]
[EventCountry "GER"]
[Source "Mike Rosa"]
[SourceDate "2009.01.01"]

1. e4 c5 2. Nf3 d6 3. Nc3 Nc6 4. d4 cxd4 5. Nxd4 Nf6 6. Bg5 Bd7 7. Qd2 Rc8 8.
Nxc6 Bxc6 9. f3 Qa5 10. Nb5 Qxd2+ 11. Bxd2 Bxb5 12. Bxb5+ Nd7 13. O-O-O a6 14.
Ba4 g6 15. Bc3 Bh6+ 16. Kb1 f6 17. h4 b5 18. Bb3 Nc5 19. Bd5 Be3 20. a3 Kd7 21.
Ba5 Rb8 22. g3 Bf2 23. Rh3 Ne6 24. Rf1 Bb6 25. Bc3 Rhf8 26. f4 f5 27. e5 Nc7
28. Bf3 d5 29. h5 Rg8 30. hxg6 hxg6 31. Rh7 Bc5 32. Rfh1 b4 33. axb4 Bxb4 34.
e6+ Nxe6 35. Bxb4 Rxb4 36. Bxd5 Rgb8 37. b3 Nf8 38. Rf7 Rd4 39. Bf3 Ke6 40. Rg7
Kf6 41. Rg8 Kf7 42. Rgh8 Kg7 43. Kc1 a5 44. Be2 a4 45. Bc4 e6 46. Bxe6 axb3 47.
Bxb3 Rdd8 48. Rg8+ Kf6 49. Re1 Rd6 50. Kb2 Rc8 51. Ra1 Rcd8 52. Ra7 Ne6 53.
Bxe6 Kxe6 54. Rxg6+ Kd5 55. Ra5+ Ke4 56. Re5+ 1-0